[Event "FRA-chT Top 12 (Women) GpB"]
[Site "Mulhouse"]
[Date "2023.05.19"]
[Round "2.1"]
[White "Skripchenko, Almira"]
[Black "Neuhauser, Salome"]
[Result "1-0"]
[WhiteElo "2384"]
[BlackElo "2077"]
[PlyCount "81"]
[EventDate "2023.05.18"]
[EventType "team-tourn"]
[EventRounds "5"]
[EventCountry "FRA"]
[SourceTitle "CBM 214 Extra"]
[Source "ChessBase"]
[SourceDate "2023.07.31"]
[SourceVersion "1"]
[SourceVersionDate "2023.07.31"]
[SourceQuality "1"]
[WhiteTeam "Monaco (W)"]
[BlackTeam "Mulhouse Philidor (W)"]
[WhiteTeamCountry "MNC"]
[BlackTeamCountry "NED"]

1. e4 c5 2. b3 Nf6 3. e5 Nd5 4. Bb2 Nc6 5. Nf3 a6 6. Bc4 Nb6 7. Bd3 d5 8. exd6 Qxd6 9. 0-0 Bg4 10. Be4 Nd7 11. Na3 f6 12. Nc4 Qc7 13. Re1 Nd4 14. Bxb7 Ra7 15. Bd5 e5 16. c3 Nxf3+ 17. Bxf3 Be6 18. Qe2 Bd6 19. d4 0-0 20. Nxd6 Qxd6 21. Rad1 Bf7 22. Ba3 Qc7 23. Bg4 Qa5 24. Bxd7 Qxa3 25. dxe5 fxe5 26. c4 a5 27. Qxe5 a4 28. Bxa4 Bxc4 29. Rc1 Rxa4 30. bxa4 Qxa4 31. Qe4 Bb5 32. Qxa4 Bxa4 33. Rxc5 Ra8 34. Rc7 Bb5 35. Ree7 Bd3 36. Rxg7+ Kh8 37. h3 Bb1 38. Ra7 Rd8 39. Rgb7 Be4 40. Re7 Bg6 41. a4 1-0

[Event "EU-Cup (Women) 22nd"]
[Site "Antalya"]
[Date "2017.10.10"]
[Round "3.4"]
[White "Arda, Cagil Irmak"]
[Black "Neuhauser, Salome"]
[Result "1-0"]
[WhiteElo "2040"]
[BlackElo "2140"]
[PlyCount "127"]
[EventDate "2017.10.08"]
[EventType "team-swiss"]
[EventRounds "7"]
[EventCountry "TUR"]
[SourceTitle "CBM 181 Extra"]
[Source "ChessBase"]
[SourceDate "2017.12.12"]
[SourceVersion "1"]
[SourceVersionDate "2017.12.12"]
[SourceQuality "1"]
[WhiteTeam "Anatolia (W)"]
[BlackTeam "Mulhouse Philidor (W)"]
[WhiteTeamCountry "TUR"]
[BlackTeamCountry "FRA"]

1. e4 c5 2. Nf3 d6 3. d4 cxd4 4. Nxd4 Nf6 5. f3 e5 6. Nb3 d5 7. Bg5 d4 8. c3 Nc6 9. Bb5 h6 10. Bh4 Qb6 11. Bxc6+ bxc6 12. cxd4 Bb4+ 13. Nc3 Ba6 14. Bf2 Rd8 15. a3 Be7 16. Qc2 exd4 17. Na4 Qc7 18. Nxd4 0-0 19. Qxc6 Qe5 20. Qxa6 Nxe4 21. fxe4 Qxe4+ 22. Kf1 Rxd4 23. Bxd4 Qxd4 24. Qe2 Qf4+ 25. Qf3 Qxa4 26. Re1 Bf6 27. b4 Rc8 28. g3 Rc2 29. Qa8+ Kh7 30. Qe4+ g6 31. Re2 Rxe2 32. Kxe2 Qxa3 33. Rd1 a5 34. Qd5 axb4 35. Qxf7+ Bg7 36. Rd3 Qb2+ 37. Rd2 Qe5+ 38. Kf2 h5 39. Re2 Qf6+ 40. Qxf6 Bxf6 41. Kf3 b3 42. Re6 b2 43. Rb6 g5 44. Ke4 Kg6 45. h3 g4 46. hxg4 hxg4 47. Kf4 Kf7 48. Kf5 Bd4 49. Rb7+ Ke8 50. Kxg4 Kd8 51. Kf5 Kc8 52. Rb3 Kd7 53. Ke4 Bf6 54. Kd5 Kc7 55. g4 Kd7 56. Rb7+ Kc8 57. Kc6 Kd8 58. Kd6 Kc8 59. Rb5 Bg7 60. g5 Bf8+ 61. Ke6 Bg7 62. Kf7 Bd4 63. g6 Kc7 64. g7 1-0

[Event "FRA-chT Top 12 (Women) GpB"]
[Site "Mulhouse"]
[Date "2017.05.07"]
[Round "3.1"]
[White "Verot, Melanie"]
[Black "Neuhauser, Salome"]
[Result "0-1"]
[WhiteElo "2047"]
[BlackElo "2094"]
[PlyCount "158"]
[EventDate "2017.05.05"]
[EventType "team-tourn"]
[EventRounds "5"]
[EventCountry "FRA"]
[SourceTitle "CBM 178 Extra"]
[Source "ChessBase"]
[SourceDate "2017.06.22"]
[SourceVersion "1"]
[SourceVersionDate "2017.06.22"]
[SourceQuality "1"]
[WhiteTeam "Cannes (W)"]
[BlackTeam "Mulhouse Philidor (W)"]
[WhiteTeamCountry "FRA"]
[BlackTeamCountry "FRA"]

1. d4 Nf6 2. c4 c5 3. e3 e6 4. Nf3 d5 5. Nc3 a6 6. cxd5 exd5 7. Be2 Nc6 8. 0-0 c4 9. Ne5 Qc7 10. e4 dxe4 11. Nxc6 Qxc6 12. d5 Qc7 13. Bg5 Be7 14. Qa4+ Bd7 15. Qxc4 Qxc4 16. Bxc4 b5 17. Bb3 0-0 18. d6 Bd8 19. Rfe1 Bc6 20. Rad1 Ra7 21. Bxf6 Bxf6 22. Nxe4 Bxb2 23. Ng5 Bf6 24. Nxf7 Raxf7 25. d7 b4 26. Rd6 Bb5 27. Rc1 Bd8 28. Rc8 g6 29. Rd4 g5 30. h4 Kg7 31. Bxf7 Kxf7 32. hxg5 Ke7 33. Rb8 Rg8 34. Rxb4 Kxd7 35. Rd4+ Kc7 36. Ra8 Re8 37. Ra7+ Kb6 38. Rxh7 Bxg5 39. a4 Bc6 40. Rb4+ Ka5 41. Rc4 Kb6 42. Rg7 Bf6 43. Rg6 Re6 44. g4 Bd5 45. Rc1 Be4 46. Rg8 Bd4 47. Rc4 Rh6 48. Rg6+ Rxg6 49. Rxd4 Rxg4+ 50. Kh2 Bf3 51. Rd6+ Bc6 52. a5+ Kb5 53. Rf6 Rg5 54. f4 Rg2+ 55. Kh3 Rf2 56. Kg3 Rf1 57. Kg4 Bd7+ 58. Kg5 Kxa5 59. Rd6 Bc8 60. Rd8 Bh3 61. Rh8 Rf3 62. Rd8 Kb4 63. Rd4+ Kc5 64. Ra4 Kb5 65. Re4 a5 66. Re5+ Kb4 67. Re4+ Kb3 68. Re8 a4 69. Rb8+ Ka2 70. Rb4 a3 71. Kf6 Ka1 72. Ke5 a2 73. Ke4 Rg3 74. Rb8 Bg2+ 75. Kd4 Rf3 76. Rg8 Rf2 77. Ke3 Rb2 78. Kd3 Kb1 79. Re8 a1Q 0-1

[Event "FRA-chT Top 12 (Women) GpB"]
[Site "Mulhouse"]
[Date "2017.05.06"]
[Round "2.1"]
[White "Neuhauser, Salome"]
[Black "Retailleau, Elise"]
[Result "1-0"]
[WhiteElo "2094"]
[BlackElo "2050"]
[PlyCount "88"]
[EventDate "2017.05.05"]
[EventType "team-tourn"]
[EventRounds "5"]
[EventCountry "FRA"]
[SourceTitle "CBM 178 Extra"]
[Source "ChessBase"]
[SourceDate "2017.06.22"]
[SourceVersion "1"]
[SourceVersionDate "2017.06.22"]
[SourceQuality "1"]
[WhiteTeam "Mulhouse Philidor (W)"]
[BlackTeam "Sautron (W)"]
[WhiteTeamCountry "FRA"]
[BlackTeamCountry "FRA"]

1. e4 c5 2. Nf3 Nc6 3. Bb5 d6 4. 0-0 Bd7 5. Re1 Nf6 6. c3 a6 7. Bf1 Bg4 8. h3 Bxf3 9. Qxf3 e6 10. Qg3 Nh5 11. Qe3 Be7 12. Na3 Nf6 13. d4 cxd4 14. cxd4 0-0 15. Bd2 Qb6 16. Bc3 d5 17. e5 Ne4 18. Nc4 Qa7 19. Na5 Nxe5 20. dxe5 Bc5 21. Qf3 Bxf2+ 22. Kh1 Nxc3 23. Qxc3 Rfc8 24. Qd2 Bxe1 25. Rxe1 Qc5 26. Bd3 Qe7 27. Qf4 Rf8 28. Nb3 Rae8 29. Nd4 Qb4 30. Qh4 h6 31. Rf1 Qxb2 32. Rf3 Qc1+ 33. Kh2 Qg5 34. Qe1 f6 35. Kh1 Qxe5 36. Qb4 Qc7 37. Bg6 Re7 38. Rc3 Qd8 39. Qc5 e5 40. Nf5 Rd7 41. Rc1 d4 42. Qc4+ Kh8 43. Nh4 d3 44. Bf5 g5 1-0

[Event "FRA-chT Top 12"]
[Site "Drancy"]
[Date "2016.06.05"]
[Round "9.8"]
[White "Leconte, Maria"]
[Black "Neuhauser, Salome"]
[Result "0-1"]
[WhiteElo "2217"]
[BlackElo "2082"]
[PlyCount "114"]
[EventDate "2016.05.28"]
[EventType "team-tourn"]
[EventRounds "11"]
[EventCountry "FRA"]
[SourceTitle "CBM 172 Extra"]
[Source "ChessBase"]
[SourceDate "2016.06.21"]
[SourceVersion "1"]
[SourceVersionDate "2016.06.21"]
[SourceQuality "1"]
[WhiteTeam "Saint Quentin"]
[BlackTeam "Mulhouse Philidor"]
[WhiteTeamCountry "FRA"]
[BlackTeamCountry "FRA"]

1. e4 c5 2. Nf3 Nc6 3. Bb5 g6 4. 0-0 Bg7 5. Bxc6 dxc6 6. h3 Nf6 7. d3 0-0 8. Nc3 Nd7 9. Be3 e5 10. Qd2 Re8 11. Nh2 Qe7 12. a4 Nf8 13. a5 Ne6 14. Rae1 Rd8 15. b3 b5 16. axb6 axb6 17. Na4 Ra6 18. Ng4 h5 19. Nh2 b5 20. Nb2 Ra2 21. Rb1 Bb7 22. Nf3 Rda8 23. Ng5 Nd4 24. f4 exf4 25. Bxf4 Bc8 26. Be3 Be6 27. Qf2 Rf8 28. b4 cxb4 29. Bxd4 Bxd4 30. Qxd4 Qxg5 31. Qxb4 Bxh3 32. Rf2 Be6 33. Nd1 Rfa8 34. Qd4 c5 35. Qe3 Qxe3 36. Nxe3 b4 37. Nd5 Ra1 38. Rxa1 Rxa1+ 39. Kh2 Bxd5 40. exd5 Ra6 41. Kg3 Rd6 42. Kf4 Rxd5 43. Ke4 Rg5 44. Re2 f6 45. Kf4 Kf7 46. Rd2 Rf5+ 47. Kg3 g5 48. Rd1 Ke6 49. c3 bxc3 50. Rc1 Kd5 51. Rxc3 Kd4 52. Ra3 h4+ 53. Kh2 Rf1 54. Rb3 f5 55. Ra3 g4 56. g3 hxg3+ 57. Kg2 Rf3 0-1

[Event "FRA-chT Top 12 (Women) GpB"]
[Site "Mulhouse"]
[Date "2016.05.05"]
[Round "1.4"]
[White "Milroy, Melena"]
[Black "Neuhauser, Salome"]
[Result "0-1"]
[WhiteElo "1510"]
[BlackElo "2082"]
[PlyCount "96"]
[EventDate "2016.05.05"]
[EventType "team-tourn"]
[EventRounds "5"]
[EventCountry "FRA"]
[SourceTitle "CBM 172 Extra"]
[Source "ChessBase"]
[SourceDate "2016.06.21"]
[SourceVersion "1"]
[SourceVersionDate "2016.06.21"]
[SourceQuality "1"]
[WhiteTeam "Clichy Echecs 92 (W)"]
[BlackTeam "Mulhouse Philidor (W)"]
[WhiteTeamCountry "FRA"]
[BlackTeamCountry "FRA"]

1. e4 c5 2. Nc3 g6 3. f4 Bg7 4. Nf3 e6 5. Be2 Ne7 6. 0-0 Nbc6 7. Bb5 0-0 8. Bxc6 Nxc6 9. d3 d5 10. Qe1 Nd4 11. Nxd4 cxd4 12. Nb1 dxe4 13. Qxe4 Qc7 14. Na3 Bd7 15. Bd2 b5 16. Be1 a6 17. Bg3 Bc6 18. Qe2 Qb7 19. Nb1 Rac8 20. Nd2 Bd5 21. Nb3 Rfd8 22. Qf2 Rd7 23. Rfc1 Qa7 24. Qd2 Qb7 25. Na5 Qb6 26. Nb3 Bh6 27. Rf1 e5 28. Qe2 e4 29. dxe4 d3+ 30. Qf2 Qxf2+ 31. Rxf2 Bxe4 32. cxd3 Rxd3 33. Re2 Bf5 34. Rae1 Be6 35. Nc1 Rd4 36. Rf2 Bf8 37. a3 b4 38. a4 Bc5 39. Rfe2 Rd1+ 40. Kh1 Rd5 41. Bf2 Bg4 42. Rc2 Bxf2 43. Rxc8+ Bxc8 44. Rf1 Be3 45. Ne2 Rd2 46. Ng1 Bb7 47. Nf3 Rxb2 48. Ra1 Bxf4 0-1

[Event "Wch U18 Girls"]
[Site "Maribor"]
[Date "2012.11.11"]
[Round "4.16"]
[White "Neuhauser, Salome"]
[Black "Hakimifard, Ghazal"]
[Result "0-1"]
[WhiteElo "2008"]
[BlackElo "2274"]
[PlyCount "84"]
[EventDate "2012.11.08"]
[EventType "swiss"]
[EventRounds "11"]
[EventCountry "SLO"]
[SourceTitle "EXT 2013"]
[Source "ChessBase"]
[SourceDate "2012.11.22"]
[SourceVersion "1"]
[SourceVersionDate "2012.11.22"]
[SourceQuality "1"]

1. e4 c5 2. Nf3 e6 3. g3 Nc6 4. Bg2 Nf6 5. Nc3 a6 6. 0-0 Qc7 7. Re1 d6 8. d4 cxd4 9. Nxd4 Bd7 10. Nxc6 bxc6 11. b3 Be7 12. Bb2 e5 13. Ne2 0-0 14. a4 Be6 15. Nc3 Rad8 16. Qd3 Nd7 17. Qe3 f5 18. exf5 Bxf5 19. Kh1 Rde8 20. Rad1 Nf6 21. h3 Kh8 22. Ne2 h6 23. f4 Nd7 24. fxe5 dxe5 25. g4 Bxc2 26. Ra1 Bc5 27. Qd2 Bh7 28. Rf1 Nf6 29. Ng3 Rd8 30. Qc1 Bd3 31. Rd1 Bf2 32. g5 Bxg3 33. gxf6 Rxf6 34. Qc3 Rfd6 35. Rd2 Bf4 36. Rf2 Bh7 37. Raf1 Rd3 38. Qe1 Re3 39. Qb4 c5 40. Qa3 Qc8 41. Rf3 Rxf3 42. Rxf3 Be4 0-1

[Event "EU-ch U18 Girls"]
[Site "Prague"]
[Date "2012.08.24"]
[Round "8"]
[White "Vatkali, Dimitra"]
[Black "Neuhauser, Salome"]
[Result "1-0"]
[WhiteElo "1936"]
[BlackElo "2026"]
[PlyCount "77"]
[EventDate "2012.08.17"]
[EventType "swiss"]
[EventRounds "9"]
[EventCountry "CZE"]
[SourceTitle "CBM 150 Extra"]
[Source "ChessBase"]
[SourceDate "2012.10.19"]
[SourceVersion "1"]
[SourceVersionDate "2012.10.19"]
[SourceQuality "1"]

1. d4 Nf6 2. c4 c5 3. d5 e6 4. Nc3 exd5 5. cxd5 d6 6. g3 g6 7. Bg2 Bg7 8. Nf3 0-0 9. 0-0 Na6 10. Nd2 Nc7 11. a4 b6 12. Nc4 Ba6 13. Qb3 Qd7 14. Re1 Bxc4 15. Qxc4 a6 16. e4 b5 17. Qd3 Ng4 18. f4 Bd4+ 19. Be3 Nxe3 20. Rxe3 Rfe8 21. Rae1 b4 22. Nd1 Qxa4 23. Kh1 Bxe3 24. Nxe3 a5 25. Ng4 Kg7 26. f5 h5 27. f6+ Kh7 28. Ne3 Qd7 29. Qf1 Rh8 30. Qf4 Ne8 31. Qg5 Qd8 32. Rf1 a4 33. Bh3 a3 34. bxa3 bxa3 35. g4 a2 36. gxh5 a1Q 37. hxg6+ fxg6 38. Qh4+ Kg8 39. Be6+ 1-0

[Event "EU-ch U18 Girls"]
[Site "Prague"]
[Date "2012.08.21"]
[Round "5"]
[White "Neuhauser, Salome"]
[Black "Foisor, Mihaela Veronica"]
[Result "1-0"]
[WhiteElo "2026"]
[BlackElo "2220"]
[PlyCount "117"]
[EventDate "2012.08.17"]
[EventType "swiss"]
[EventRounds "9"]
[EventCountry "CZE"]
[SourceTitle "CBM 150 Extra"]
[Source "ChessBase"]
[SourceDate "2012.10.19"]
[SourceVersion "1"]
[SourceVersionDate "2012.10.19"]
[SourceQuality "1"]

1. e4 Nf6 2. e5 Nd5 3. d4 d6 4. c4 Nb6 5. exd6 cxd6 6. Nc3 g6 7. a4 Bg7 8. a5 N6d7 9. Nf3 0-0 10. Ra3 Re8 11. Be2 Nf6 12. 0-0 Na6 13. Bf4 Bf5 14. d5 Ne4 15. Nxe4 Bxe4 16. Qd2 Nc7 17. Bh6 e5 18. dxe6 Nxe6 19. Bxg7 Kxg7 20. Rd1 Qf6 21. Re3 Bc6 22. Nd4 Nxd4 23. Qxd4 Rxe3 24. fxe3 Qe5 25. b4 Re8 26. b5 Be4 27. Kf2 Qxd4 28. exd4 Bxg2 29. c5 Bd5 30. Bf3 Bxf3 31. Kxf3 d5 32. Rc1 f5 33. b6 axb6 34. axb6 Ra8 35. Re1 Kf6 36. Re5 Rd8 37. h4 h6 38. h5 g5 39. Kg3 Rd7 40. Re8 g4 41. Rg8 Re7 42. Rg6+ Kf7 43. Kf4 Re4+ 44. Kxf5 Rxd4 45. Rxg4 Rd1 46. Ke5 Rh1 47. Kxd5 Rxh5+ 48. Kd6 Rf5 49. Rc4 Kg6 50. c6 bxc6 51. Rc5 Rf8 52. b7 h5 53. Kc7 h4 54. b8Q Rxb8 55. Kxb8 h3 56. Rc3 Kf5 57. Rxh3 Ke4 58. Rc3 Kd5 59. Kb7 1-0

[Event "EU-ch U18 Girls"]
[Site "Prague"]
[Date "2012.08.20"]
[Round "4"]
[White "Efroimski, Marsel"]
[Black "Neuhauser, Salome"]
[Result "1/2-1/2"]
[WhiteElo "2174"]
[BlackElo "2026"]
[PlyCount "168"]
[EventDate "2012.08.17"]
[EventType "swiss"]
[EventRounds "9"]
[EventCountry "CZE"]
[SourceTitle "CBM 150 Extra"]
[Source "ChessBase"]
[SourceDate "2012.10.19"]
[SourceVersion "1"]
[SourceVersionDate "2012.10.19"]
[SourceQuality "1"]

1. e4 c5 2. Nf3 d6 3. Bc4 Nf6 4. d3 g6 5. c3 Bg7 6. 0-0 0-0 7. Bb3 Nc6 8. Re1 Qc7 9. h3 b5 10. Be3 Rb8 11. Qc1 Rd8 12. Bh6 Bh8 13. Qg5 c4 14. Bc2 cxd3 15. Bxd3 b4 16. a3 bxc3 17. Nxc3 Rxb2 18. Rac1 Qa5 19. Nd5 Nxd5 20. Rxc6 Bb7 21. exd5 Bf6 22. Qe3 Bxc6 23. dxc6 Rc8 24. Bg5 Bxg5 25. Nxg5 Qd2 26. Qxd2 Rxd2 27. Bc4 e6 28. Bb5 a6 29. Bxa6 Rxc6 30. Bb5 Rc7 31. a4 d5 32. Nf3 Rb2 33. Nd4 Rd2 34. Nc6 Rb2 35. Rc1 Kg7 36. Rc3 e5 37. Rd3 d4 38. Nxe5 Rc1+ 39. Kh2 Rxf2 40. Rxd4 Rcc2 41. Bc6 h5 42. Rc4 Ra2 43. Nd3 Rfd2 44. Nb4 Ra3 45. Na6 g5 46. Nc5 f5 47. h4 g4 48. Rc1 Rf2 49. Kg1 Raa2 50. Bd5 Rac2 51. Rxc2 Rxc2 52. Nb7 Kf6 53. a5 Ke5 54. Bf7 g3 55. Kf1 Kf4 56. Nd6 Rc5 57. a6 Ra5 58. Bxh5 Rxa6 59. Nc4 Ra2 60. Bf3 Rc2 61. Bd5 Rf2+ 62. Ke1 Kg4 63. Nd2 Kxh4 64. Bf3 Kg5 65. Kd1 Kf4 66. Ke1 Ke5 67. Nc4+ Kd4 68. Nd6 f4 69. Nf5+ Kd3 70. Nh4 Rb2 71. Bd1 Ra2 72. Bf3 Ra5 73. Ng6 Ke3 74. Bd1 Ra7 75. Nh4 Ra6 76. Be2 Ra1+ 77. Bd1 Ra8 78. Nf5+ Kd3 79. Be2+ Kc3 80. Nh4 Rh8 81. Nf3 Ra8 82. Nh4 Ra1+ 83. Bd1 Kd3 84. Nf3 Ke3 1/2-1/2

[Event "EU-ch U18 Girls"]
[Site "Prague"]
[Date "2012.08.19"]
[Round "3"]
[White "Neuhauser, Salome"]
[Black "Bass, Leenoy"]
[Result "1-0"]
[WhiteElo "2026"]
[BlackElo "1614"]
[PlyCount "73"]
[EventDate "2012.08.17"]
[EventType "swiss"]
[EventRounds "9"]
[EventCountry "CZE"]
[SourceTitle "CBM 150 Extra"]
[Source "ChessBase"]
[SourceDate "2012.10.19"]
[SourceVersion "1"]
[SourceVersionDate "2012.10.19"]
[SourceQuality "1"]

1. e4 e5 2. Nf3 Nc6 3. Bb5 f5 4. Nc3 fxe4 5. Nxe4 Nf6 6. Nxf6+ Qxf6 7. Qe2 Bc5 8. Bxc6 bxc6 9. Qxe5+ Qxe5+ 10. Nxe5 0-0 11. 0-0 d6 12. Nxc6 Bd7 13. Ne7+ Kh8 14. Nd5 Rae8 15. Ne3 Re6 16. b3 Rg6 17. Bb2 Kg8 18. d4 Bb6 19. c4 c6 20. Rad1 Bd8 21. d5 cxd5 22. Rxd5 Bc6 23. Rd3 Rf3 24. Rfd1 Rxe3 25. Rxe3 Rxg2+ 26. Kf1 Bh4 27. Rh3 Rxf2+ 28. Kg1 Rg2+ 29. Kf1 Rf2+ 30. Ke1 Rxh2+ 31. Rxh4 Rxh4 32. Rxd6 Re4+ 33. Kf2 Be8 34. c5 Re7 35. b4 Rc7 36. Be5 Rc8 37. Ra6 1-0

[Event "EU-ch U18 Girls"]
[Site "Prague"]
[Date "2012.08.17"]
[Round "1"]
[White "Neuhauser, Salome"]
[Black "Milicevic, Dajana"]
[Result "1-0"]
[WhiteElo "2026"]
[BlackElo "1684"]
[PlyCount "63"]
[EventDate "2012.08.17"]
[EventType "swiss"]
[EventRounds "9"]
[EventCountry "CZE"]
[SourceTitle "CBM 150 Extra"]
[Source "ChessBase"]
[SourceDate "2012.10.19"]
[SourceVersion "1"]
[SourceVersionDate "2012.10.19"]
[SourceQuality "1"]

1. e4 c5 2. Nf3 Nc6 3. Bb5 g6 4. Bxc6 dxc6 5. d3 Bg7 6. Nc3 Nf6 7. Bf4 0-0 8. Qd2 Qa5 9. Bh6 Rd8 10. h4 c4 11. d4 Bxh6 12. Qxh6 Qh5 13. Qe3 b5 14. Ne5 Ng4 15. Nxg4 Qxg4 16. h5 g5 17. h6 f6 18. Ne2 Kh8 19. 0-0-0 b4 20. e5 Qe6 21. c3 a5 22. f4 g4 23. Rh5 f5 24. d5 Rxd5 25. Rxd5 Qxd5 26. e6 Bxe6 27. Nd4 Rd8 28. Qxe6 Qxe6 29. Nxe6 Rd5 30. Rg5 c5 31. Rg7 Rd3 32. Rf7 1-0

[Event "Vaujany op 3rd"]
[Site "Vaujany"]
[Date "2012.07.18"]
[Round "7"]
[White "Roeberg, Frank"]
[Black "Neuhauser, Salome"]
[Result "1-0"]
[WhiteElo "2253"]
[BlackElo "2067"]
[PlyCount "51"]
[EventDate "2012.07.12"]
[EventType "swiss"]
[EventRounds "9"]
[EventCountry "FRA"]
[SourceTitle "CBM 149 Extra"]
[Source "ChessBase"]
[SourceDate "2012.08.24"]
[SourceVersion "1"]
[SourceVersionDate "2012.08.24"]
[SourceQuality "1"]

1. e4 c5 2. Nf3 d6 3. d4 cxd4 4. Nxd4 Nf6 5. f3 a6 6. c4 Nc6 7. Nc3 g6 8. Be3 Bg7 9. Be2 0-0 10. Qd2 Bd7 11. 0-0 Nxd4 12. Bxd4 a5 13. c5 dxc5 14. Bxc5 Rc8 15. Qe3 Bc6 16. Bb6 Qd7 17. Rfd1 Qe6 18. Bxa5 Nd7 19. Rac1 Bxc3 20. Bxc3 Qxa2 21. Qh6 e5 22. h4 Qa7+ 23. Kh2 Qb6 24. Bc4 Ba4 25. Rxd7 Rc5 26. Bxe5 1-0

[Event "Vaujany op 3rd"]
[Site "Vaujany"]
[Date "2012.07.17"]
[Round "6"]
[White "Neuhauser, Salome"]
[Black "Laehnwitz, Alexander"]
[Result "1-0"]
[WhiteElo "2067"]
[BlackElo "2031"]
[PlyCount "103"]
[EventDate "2012.07.12"]
[EventType "swiss"]
[EventRounds "9"]
[EventCountry "FRA"]
[SourceTitle "CBM 149 Extra"]
[Source "ChessBase"]
[SourceDate "2012.08.24"]
[SourceVersion "1"]
[SourceVersionDate "2012.08.24"]
[SourceQuality "1"]

1. e4 c6 2. d4 d5 3. exd5 cxd5 4. Bd3 Nc6 5. c3 Nf6 6. Bf4 g6 7. Nf3 Bg7 8. Nbd2 0-0 9. 0-0 Qb6 10. Qb3 Qxb3 11. axb3 Bf5 12. Bxf5 gxf5 13. b4 a6 14. Nb3 Nd7 15. Na5 Nxa5 16. Rxa5 e6 17. Rfa1 Nb6 18. Nd2 Rfc8 19. R5a2 f6 20. g3 Bf8 21. Nb3 Nc4 22. Na5 Nxa5 23. Rxa5 Re8 24. b5 e5 25. Be3 f4 26. gxf4 exf4 27. Bxf4 Re2 28. R1a2 Be7 29. bxa6 Rxa6 30. Rxa6 bxa6 31. Kf1 Re6 32. Ra5 Rb6 33. b4 Rc6 34. Bd2 Rd6 35. Ke2 Kf7 36. Kd3 Ke6 37. Rc5 Rb6 38. Rc8 Bd6 39. h4 Kf7 40. h5 f5 41. Bg5 Kg7 42. h6+ Kg6 43. Rg8+ Kh5 44. f4 Rc6 45. Rg7 Rc7 46. Rxc7 Bxc7 47. c4 dxc4+ 48. Kxc4 Bd6 49. b5 a5 50. b6 a4 51. Bd8 a3 52. Kb3 1-0

[Event "Vaujany op 3rd"]
[Site "Vaujany"]
[Date "2012.07.14"]
[Round "3"]
[White "Meng, Roger"]
[Black "Neuhauser, Salome"]
[Result "1-0"]
[WhiteElo "2272"]
[BlackElo "2067"]
[PlyCount "73"]
[EventDate "2012.07.12"]
[EventType "swiss"]
[EventRounds "9"]
[EventCountry "FRA"]
[SourceTitle "CBM 149 Extra"]
[Source "ChessBase"]
[SourceDate "2012.08.24"]
[SourceVersion "1"]
[SourceVersionDate "2012.08.24"]
[SourceQuality "1"]

1. e4 c5 2. Nc3 a6 3. f4 b5 4. Nf3 Bb7 5. Qe2 e6 6. g4 Nc6 7. Bg2 Nd4 8. Nxd4 cxd4 9. Nd1 Qh4+ 10. Nf2 Nf6 11. 0-0 h5 12. g5 Ng4 13. Nh3 f6 14. d3 Rc8 15. c3 Bc5 16. Kh1 fxg5 17. f5 Ne5 18. Bxg5 Qg4 19. Qd2 Nf7 20. Rf4 exf5 21. Rxg4 hxg4 22. Ng1 Nxg5 23. Qxg5 Rc6 24. exf5 Rch6 25. Re1+ Kf7 26. h3 Bxg2+ 27. Kxg2 gxh3+ 28. Kh1 Bd6 29. Nf3 dxc3 30. Ne5+ Bxe5 31. Rxe5 Rf6 32. Re7+ Kxe7 33. Qxg7+ Rf7 34. Qe5+ Kf8 35. Qxh8+ Ke7 36. Qe5+ Kf8 37. bxc3 1-0

[Event "Vaujany op 3rd"]
[Site "Vaujany"]
[Date "2012.07.12"]
[Round "1"]
[White "Stets, Dmitry"]
[Black "Neuhauser, Salome"]
[Result "0-1"]
[WhiteElo "2426"]
[BlackElo "2067"]
[PlyCount "84"]
[EventDate "2012.07.12"]
[EventType "swiss"]
[EventRounds "9"]
[EventCountry "FRA"]
[SourceTitle "CBM 149 Extra"]
[Source "ChessBase"]
[SourceDate "2012.08.24"]
[SourceVersion "1"]
[SourceVersionDate "2012.08.24"]
[SourceQuality "1"]

1. e4 c5 2. Nf3 d6 3. d4 cxd4 4. Nxd4 Nf6 5. Nc3 a6 6. Be3 e5 7. Nb3 Be6 8. Qd2 Be7 9. 0-0-0 Nbd7 10. f4 Qc7 11. f5 Bc4 12. Kb1 b5 13. g4 b4 14. Bxc4 Qxc4 15. Nd5 Nxd5 16. exd5 a5 17. Qg2 f6 18. Nd2 Qa6 19. Ne4 a4 20. Rd3 0-0 21. h4 Qc4 22. Nd2 Qa6 23. Qe4 Rfb8 24. g5 b3 25. cxb3 Rb4 26. Nc4 axb3 27. axb3 Qa2+ 28. Kc2 Rc8 29. Rc3 fxg5 30. f6 Nxf6 31. Qf5 Rcxc4 32. bxc4 Qxb2+ 33. Kd3 e4+ 34. Kd4 Rb8 35. Qe6+ Kf8 36. Rhc1 Qb6+ 37. c5 Qb4+ 38. Rc4 Qb2+ 39. R1c3 dxc5+ 40. Ke5 Qh2+ 41. Kf5 g6+ 42. Kxg5 Qg3+ 0-1

[Event "Mulhouse (Women)"]
[Site "Mulhouse"]
[Date "2012.07.06"]
[Round "7"]
[White "Steil Antoni, Fiona"]
[Black "Neuhauser, Salome"]
[Result "1-0"]
[WhiteElo "2142"]
[BlackElo "2069"]
[PlyCount "61"]
[EventDate "2012.07.02"]
[EventType "tourn"]
[EventRounds "9"]
[EventCountry "FRA"]
[SourceTitle "CBM 149 Extra"]
[Source "ChessBase"]
[SourceDate "2012.08.24"]
[SourceVersion "1"]
[SourceVersionDate "2012.08.24"]
[SourceQuality "1"]

1. e4 c5 2. c3 g6 3. d4 cxd4 4. cxd4 d5 5. e5 Nc6 6. Nc3 Bg7 7. h3 Nh6 8. g4 0-0 9. Bg2 Be6 10. Be3 f6 11. exf6 exf6 12. Nge2 g5 13. Qd2 Re8 14. 0-0 Nf7 15. Ng3 h6 16. Rac1 Nd6 17. b3 Ne7 18. f4 f5 19. fxg5 fxg4 20. hxg4 hxg5 21. Bxg5 Nf7 22. Bf6 Bxg4 23. Bxg7 Kxg7 24. Rxf7+ Kxf7 25. Qf4+ Bf5 26. Nxf5 Nxf5 27. Qxf5+ Kg7 28. Nxd5 Rc8 29. Rf1 Rf8 30. Qe5+ Kh6 31. Nf6 1-0

[Event "Mulhouse (Women)"]
[Site "Mulhouse"]
[Date "2012.07.03"]
[Round "3"]
[White "Neuhauser, Salome"]
[Black "Nikolova, Adriana"]
[Result "0-1"]
[WhiteElo "2069"]
[BlackElo "2345"]
[PlyCount "102"]
[EventDate "2012.07.02"]
[EventType "tourn"]
[EventRounds "9"]
[EventCountry "FRA"]
[SourceTitle "CBM 149 Extra"]
[Source "ChessBase"]
[SourceDate "2012.08.24"]
[SourceVersion "1"]
[SourceVersionDate "2012.08.24"]
[SourceQuality "1"]

1. e4 c5 2. Nf3 Nc6 3. Bb5 d6 4. 0-0 Bd7 5. c3 Nf6 6. Re1 a6 7. Bf1 Bg4 8. d3 e6 9. Nbd2 Be7 10. Nb3 b5 11. d4 c4 12. Nbd2 d5 13. e5 Nd7 14. Be2 0-0 15. Nf1 f6 16. exf6 Bxf6 17. Ne3 Bh5 18. g3 b4 19. Ng2 a5 20. Nf4 Bf7 21. Bf1 Re8 22. Bg2 bxc3 23. bxc3 a4 24. Ba3 Qa5 25. Re3 Rad8 26. Bd6 e5 27. Nxe5 Ndxe5 28. Bxe5 Bxe5 29. dxe5 Rxe5 30. Rxe5 Nxe5 31. Qd4 Nc6 32. Qd2 Qc5 33. Rd1 Ne7 34. Qe2 Qd6 35. Qe3 a3 36. Qa7 h6 37. Ne2 Bh5 38. Re1 Nc6 39. Qa4 Re8 40. Qb5 Rxe2 41. Rxe2 Bxe2 42. Qxd5+ Qxd5 43. Bxd5+ Kf8 44. Bxc6 Bd3 45. Bd5 Ke7 46. f3 Kd6 47. Be4 Bxe4 48. fxe4 Ke5 49. Kf2 Kxe4 50. Ke2 h5 51. h3 g5 0-1